Toute les races de chien en K (sans image) - Statistiques

Statistiques générales
  • Ce quiz a été pris 3 fois
  • Le résultat moyen est 4 sur 7
Statistiques - réponses
Réponses % Correct
1 Kai
100%
2 Kelpie australien
67%
3 Kerry Blue Terrier
67%
5 Komondor
67%
4 Kishu
33%
6 Kromfohrländer
33%
7 Kuvasz
33%
Aucun quiz correspondant
Distribution des résultats
% des personnes avec chaque résultat
Percentile par nombre de réponses
Votre historique - résultats
Vous n’avez pas pris ce quiz